Les principes de la théorie électromagnétique et de la relativité
Saved in:
| Hovedforfatter: | |
|---|---|
| Format: | Bog |
| Sprog: | fransk |
| Udgivet: |
París
Masson et Companie
1959
|
| Fag: | |
| Tags: |
Tilføj Tag
Ingen Tags, Vær først til at tagge denne postø!
|
MARC
| LEADER | 00000nam a2200000 a 4500 | ||
|---|---|---|---|
| 001 | UCG1009 | ||
| 003 | CL-VaPUC | ||
| 008 | 100415e19590000FR |||||||||||||||||fre|d | ||
| 082 | 0 | 4 | |a 530.141 |b TON |2 21 |
| 100 | 0 | |a Tonnelat, Marie-Antoinette |e author |9 548739 | |
| 245 | 1 | 4 | |a Les principes de la théorie électromagnétique et de la relativité |
| 300 | |a 394 p | ||
| 942 | |c BK | ||
| 945 | |d 20100415 00:00:00 |a dcastane | ||
| 260 | |a París |b Masson et Companie |c 1959 | ||
| 650 | 0 | |a Teoría electromagnética |9 260747 | |
| 650 | 0 | |a Electromagnetismo |9 260123 | |
| 650 | 0 | |a Relatividad |9 269977 | |
| 583 | |a last modification |c 20100415 00:00:00 |k Rodrigo Vera | ||
| 999 | |c 340490 |d 340488 | ||